000 00627nam a2200205Ia 4500
001 18009
003 GE_BSU
008 181216s||||||||xx |||||||||||||| ||und||
040 _cGE_BSU
080 _a811.353.1'373.21
100 _aითონიშვილი, ვალერიან
245 _aხევის ტოპონიმიკა.
245 _cრედ. ალ. რობაქიძე
260 _aთბილისი
260 _bმეცნიერება
260 _c1971
300 _a177 გვ. ; 21 სმ
653 _aხევის ტოპონიმიკა.
942 _cBK
999 _c51052
_d51052